|
|
|
|
| LEADER |
00000nab a2200000 a 4500 |
| 001 |
vtls010521717 |
| 003 |
SK-MaSNL |
| 005 |
20260303085628.0 |
| 008 |
130620 2013 xo m p 000 0 cze |
| 015 |
|
|
|a SNBRB2013/06
|2 lmaosk
|
| 040 |
|
|
|a LMAOSK
|b slo
|c LMAOSK
|e AACR2
|
| 041 |
0 |
|
|a cze
|
| 044 |
|
|
|a xo
|c SK
|
| 080 |
|
|
|a 623.441/.443
|2 2001
|
| 080 |
|
|
|a 623.44
|2 2001
|
| 080 |
|
|
|a 623.443
|2 2001
|
| 080 |
|
|
|a 623.443.2
|2 2001
|
| 080 |
|
|
|a (046)
|2 2001
|
| 100 |
1 |
|
|a Knotek, Jiří
|4 aut
|9 604284
|
| 245 |
1 |
0 |
|a Macek vhodný do pokoje
|c Jiří Knotek
|
| 300 |
|
|
|b Fotogr.
|
| 630 |
0 |
7 |
|a Uberti 1873 SAA Cattleman (revolver)
|2 LMAOSK
|9 1095430
|
| 650 |
0 |
7 |
|a strelné zbrane
|2 SNKPH
|9 68540
|
| 650 |
0 |
7 |
|a ručné palné zbrane
|2 SNKPH
|9 28981
|
| 650 |
0 |
7 |
|a krátke ručné palné zbrane
|2 SNKPH
|9 29006
|
| 650 |
0 |
7 |
|a revolvery
|2 SNKPH
|9 26331
|
| 650 |
0 |
7 |
|a Firearms
|2 SNKPHeng
|9 289175
|
| 650 |
0 |
7 |
|a Hand firearms
|2 SNKPHeng
|9 504853
|
| 650 |
0 |
7 |
|a Revolvers
|2 SNKPHeng
|9 289174
|
| 655 |
|
7 |
|a články
|2 SNKPH
|9 70601
|
| 655 |
|
7 |
|a Journal articles
|2 SNKPHeng
|9 279737
|
| 773 |
0 |
|
|t Zbraně & náboje : časopis muže, který zná svůj cíl
|g Roč. XV, č. 6 (2013), s. 46-48
|x 1212-5210
|
| 852 |
|
|
|a LMAOSK
|b KIS3GCP
|
| 856 |
4 |
1 |
|u http://zbrane-naboje.rf-hobby.cz/
|
| 958 |
|
|
|a NB
|
| 999 |
|
|
|c 1799987
|d 1801917
|